| 000 | 01364nam a2200241Ii 4500 | ||
|---|---|---|---|
| 003 | JO-AjNU | ||
| 005 | 20240626132455.0 | ||
| 008 | 230605s9999||||xx |||||||||||||| ||und|| | ||
| 040 |
_aJO-AjNU _bara _erda _cJO-AjNU |
||
| 041 | _aara | ||
| 050 | 1 | 4 | _aHF5414.2020 |
| 100 |
_aالشويات، لمى غالب مصطفى _eمعد _965694 |
||
| 245 | 0 | 0 |
_aأثر التسويق الاجتماعي في تعزيز الصورة الذهنية لدى عملاء البنك الاسلامي الدولي في الاردن=The Impact of Social Marketing on Enhancing the Mental Image of the Islamic international Arab Bank Clients -Jordan _c/ اعداد لمى غالب مصطفى الشويات ؛ اشراف علي فلاح الزعبي |
| 264 | 3 | 1 | _a 2020 |
| 300 | _a110 ورقة | ||
| 336 |
_atext _btxt _2rdacontent |
||
| 337 |
_aunmediated _bn _2rdamedia |
||
| 338 |
_avolume _bnc _2rdacarrier |
||
| 500 | _aرسالة جامعية(اطروحة ماجستير) جامعة عجلون الوطنية ،كلية ادارة الاعمال،ادارة اعمال 2020، يحتوي على قائمة مراجع من ص95-101ص ويحتوي على ملاحق من ص 102-110ص | ||
| 650 | 4 |
_aالتسويق الاجتماعي - عملاء البنك الاسلامي - الاردن _959646 |
|
| 700 |
_aالزعبي، علي فلاح _928684 _eمشرف |
||
| 942 |
_2lcc _cTHS |
||
| 999 |
_c30419 _d30419 |
||